• 首页
  • 本馆介绍
  • 公告通知
  • 最新文献
  • 馆藏检索
  • 电子资源
  • 读者导购
  • 参考咨询
  • 我的图书馆
  • 登录
  • 详细信息显示
  • 放入我的书架
  • 预约/预借图书
  • 作者相关作品
  • 分类相关作品
  • 丛书相关作品
  • 出版社相关作品

书目信息

  • 表格格式
  • 工作单格式
  • 卡片格式
题名:
初等数学、力学、物理学手册
    
 
作者: 别列卓夫斯基 编 ;林式芬 译
分册:  
出版信息: 北京   科学出版社  1981
页数: 134页
开本: 19cm
丛书名:
单 册:
中图分类: O-62
科图分类:
主题词: 物理学--手册 , 数学--手册 , 力学--手册 , 化学--手册
电子资源:
ISBN:
000 00827nam0 2200289 45
001 0181009670
005 20060818084554.21
010    @dCNY0.40
091    @a13051.1141
100    @a19950525d1981 em y0chiy0121 ea
101 1  @achi@crus
102    @aCN@b110000
105    @ay z 000yy
200 10 @a初等数学、力学、物理学手册@Achu deng shu xue、 li xue、 wu li xue shouce@f(苏)别列卓夫斯基等编@F(Su)Bie Lie Zhuo Fu Si Ji Deng Bian@g林式芬译
205    @a3版@b修订本
210    @a北京@c科学出版社@d1981
215    @a134页@d19cm
606 0  @a物理学@x手册
606 0  @a数学@x手册
606 0  @a力学@x手册
606 0  @a化学@x手册
690    @aO-62@v3
701  0 @a别列卓夫斯基@4编
702  0 @a林式芬@Alin shi fen@4译
801  0 @aCN@b上海图书馆@c20060818
801  2 @aCN@bNLC@c20060818
905    @dO-62@e51=3
    
    初等数学、力学、物理学手册/(苏)别列卓夫斯基等编/林式芬译.-3版,修订本.-北京:科学出版社,1981
    134页;19cm
    
    
    ISBN :CNY0.40
    
●
相关链接 在E读中查询图书 在五车中查询图书 在当当中查询图书 在豆瓣中查询图书


正题名:初等数学、力学、物理学手册     索取号:O-62/51=3         预约/预借

序号 登录号 条形码 馆藏地/架位号 状态 备注
1 0041457   202381671   密集书库/ [索取号:O-62/51=3] 在馆    
2 0041458   202381751   密集书库/ [索取号:O-62/51=3] 在馆    
3 0041459   202381635   密集书库/ [索取号:O-62/51=3] 在馆    
4 0041460   001234738   第三借阅区/ [索取号:O-62/51=3] 在馆    
5 0041461   202381797   密集书库/ [索取号:O-62/51=3] 在馆    
6 0041462   001234747   第二样本阅览室/ [索取号:O-62/51=3] 在馆    
7 0041463   202382064   密集书库/ [索取号:O-62/51=3] 在馆    
8 0041465   202381591   密集书库/ [索取号:O-62/51=3] 在馆    
9 0041468   202382028   密集书库/ [索取号:O-62/51=3] 在馆    
10 0041469   002039653   第三借阅区/ [索取号:O-62/51=3] 在馆    
11 0041470   202381984   密集书库/ [索取号:O-62/51=3] 在馆    
12 0041471   202381948   密集书库/ [索取号:O-62/51=3] 在馆    
13 0041472   202293473   密集书库/ [索取号:O-62/51=3] 在馆    
14 0041475   202381902   密集书库/ [索取号:O-62/51=3] 在馆    
15 0041476   202381715   密集书库/ [索取号:O-62/51=3] 在馆    
16 0424935   204249358   密集书库/ [索取号:O-62/51=3] 在馆    
17 0446953   204469538   密集书库/ [索取号:O-62/51=3] 在馆    
18 0446954   204469547   密集书库/ [索取号:O-62/51=3] 在馆    
19 0447235   204472356   密集书库/ [索取号:O-62/51=3] 在馆    
20 0460334   204603349   密集书库/ [索取号:O-62/51=3] 在馆    
21 0468549   204685493   密集书库/ [索取号:O-62/51=3] 在馆    
22 0468563   204685634   密集书库/ [索取号:O-62/51=3] 在馆    
唐山师范学院图书馆 欢迎您!
大连网信软件有限公司© 版权所有